Umbrales: cambios culturales, desafíos nacionales y juventud: Seminario
Plantea una serie de interrogantes en cuanto a la manera en que los jóvenes realizan su idea de nacionalidad, la articulación de sus universos simbólicos con los procesos globales y de qué manera sus prácticas revelan la tensión entre la tradición y el cambio social. REV/LCL
Gespeichert in:
| Körperschaft: | |
|---|---|
| Format: | Text |
| Veröffentlicht: |
Medellín:
Corporación Región
|
| Schlagworte: | |
| Tags: |
Tag hinzufügen
Keine Tags, Fügen Sie den ersten Tag hinzu!
|
MARC
| LEADER | 00000 a a2200000 04500 | ||
|---|---|---|---|
| 001 | 21994 | ||
| 003 | |||
| 040 | |||
| 090 | |a 146404 | ||
| 110 | |a Corporación Región | ||
| 245 | |a Umbrales: cambios culturales, desafíos nacionales y juventud: Seminario | ||
| 260 | |a Medellín: |b Corporación Región | ||
| 300 | |a 273 p | ||
| 520 | |a Plantea una serie de interrogantes en cuanto a la manera en que los jóvenes realizan su idea de nacionalidad, la articulación de sus universos simbólicos con los procesos globales y de qué manera sus prácticas revelan la tensión entre la tradición y el cambio social. REV/LCL | ||
| 650 | |a JUVENTUD | ||
| 650 | |a CAMBIO CULTURAL | ||
| 650 | |a IDENTIDAD CULTURAL | ||
| 650 | |a SUBCULTURA | ||
| 650 | |a ADAPTACION SOCIAL | ||
| 650 | |a MUSICA | ||
| 999 | |c 15019 |d 15019 | ||
